UBT Library

Problems in equine medicine / (Record no. 41310)

000 -LEADER
fixed length control field 00617pam a2200229 a 4500
001 - CONTROL NUMBER
control field 1021366
005 - DATE AND TIME OF LATEST TRANSACTION
control field 20180131032829.0
008 - FIXED-LENGTH DATA ELEMENTS--GENERAL INFORMATION
fixed length control field 881027s1989 paua b 001 0 eng c
010 ## - LIBRARY OF CONGRESS CONTROL NUMBER
LC control number 88027255
020 ## - INTERNATIONAL STANDARD BOOK NUMBER
International Standard Book Number 0812111710
040 ## - CATALOGING SOURCE
Original cataloging agency DNLM/DLC
Transcribing agency DLC
Modifying agency DLC
041 ## - LANGUAGE CODE
Language code of text/sound track or separate title eng
060 00 - NATIONAL LIBRARY OF MEDICINE CALL NUMBER
Classification number SF 951 P962
080 ## - UNIVERSAL DECIMAL CLASSIFICATION NUMBER
Universal Decimal Classification number 636.10896075 BRO
082 00 - DEWEY DECIMAL CLASSIFICATION NUMBER
Classification number 636.10896075 BRO
Edition number 19
100 ## - Rafti
Rafti 3
101 ## - Shkurtesa
Shkurtesa SHM
245 00 - TITLE STATEMENT
Title Problems in equine medicine /
Statement of responsibility, etc edited by Christopher M. Brown.
504 ## - BIBLIOGRAPHY, ETC. NOTE
Bibliography, etc Includes bibliographical references.
906 ## - LOCAL DATA ELEMENT F, LDF (RLIN)
a 7
b cbc
c orignew
d 1
e ocip
f 19
g y-gencatlg
942 ## - ADDED ENTRY ELEMENTS (KOHA)
Source of classification or shelving scheme
Item type Books
Holdings
Withdrawn status Lost status Source of classification or shelving scheme Damaged status Not for loan Collection code Permanent location Current location Shelving location Date acquired Total Checkouts Full call number Barcode Date last seen Price effective from Koha item type
          Koleksioni i përgjithshem UBT - Lipjan UBT - Lipjan Koleksioni i përgjithshem 01/31/2018   636.10896075 BRO 002-2996788 01/31/2018 01/31/2018 Books
UBT Library © 2015-2024. All rights reserved University Education for Business and Technology